Tractado del cuydado que se deve tener con los presos pobres (Record no. 164702)
[ view plain ]
| 000 -LEADER | |
|---|---|
| campo de control de longitud fija | 01337nam a2200229 i 4500 |
| 001 - NÚMERO DE CONTROL | |
| campo de control | 164702 |
| 003 - IDENTIFICADOR DE NÚMERO DE CONTROL | |
| campo de control | ES-MaACL |
| 005 - FECHA Y HORA DE LA ÚLTIMA TRANSACCIÓN | |
| campo de control | 20250719062545.0 |
| 008 - DATOS DE LONGITUD FIJA--INFORMACIÓN GENERAL | |
| campo de control de longitud fija | 050804s1885 sp |||| | spa d |
| 100 1# - ENTRADA PRINCIPAL--NOMBRE DE PERSONA | |
| Nombre de persona | Sandoval, Bernardino de. |
| 9 (RLIN) | 132408 |
| 245 10 - MENCIÓN DEL TÍTULO | |
| Título | Tractado del cuydado que se deve tener con los presos pobres |
| Resto del título | : en que se trata ser obra pia proveer á las necesidades que padescen en las carceles ... / |
| Mención de responsabilidad, etc. | compuesto por Bernardino de Sandoval. |
| 260 ## - PUBLICACIÓN, DISTRIBUCIÓN, ETC. | |
| Lugar de publicación, distribución, etc. | Barcelona : |
| Nombre del editor, distribuidor, etc. | [s.n.], |
| Fecha de publicación, distribución, etc. | 1885 ( |
| Fabricante | Imprenta de Jaime Jepus) |
| 300 ## - DESCRIPCIÓN FÍSICA | |
| Extensión | X, 65 p. ; |
| Dimensiones | 25 cm. |
| 534 ## - NOTA SOBRE LA VERSIÓN ORIGINAL | |
| Frase introductoria | Reimp. de la ed. de: |
| Publicación, distribución, etc. del original | Toledo: en casa de Miguel Ferrer, año 1564 ; Dedicada al Congreso Penitenciario Internacional de Roma por Pedro Armengol y Cornet. |
| 650 #4 - PUNTO DE ACCESO ADICIONAL DE MATERIA--TÉRMINO DE MATERIA | |
| Término de materia o nombre geográfico como elemento de entrada | Presos. |
| 9 (RLIN) | 136763 |
| 700 1# - ENTRADA AGREGADA--NOMBRE PERSONAL | |
| Nombre de persona | Armengol y Cornet, Pedro, |
| Fechas asociadas al nombre | 1837-1896 |
| 9 (RLIN) | 22949 |
| 852 ## - LOCALIZACIÓN | |
| Ubicación | ES-MaACL |
| Número de control de estantería | D-68(1) |
| itemnumber | 170982 |
| Sublocalización o colección | R.FOLL.1/1 |
| Ubicación en estantería | Sala Valle Inclán |
| Marcas de propiedad | Sello en tinta en portada: "Donativo del Sr. Lastres al Ateneo de Madrid. 1907" |
| Anotaciones manuscritas | Anotación manuscrita en portada: "Folletos penitenciarios. Tomo 8." |
| Donativo/Legado | Donación: Francisco Lastres y Juiz |
| Encuadernación | Encuadernación holandesa |
| -- | Encuadernación con otras obras formando un volumne facticio. |
| 903 ## - NOMBRE PERSONAL DE DONANTE | |
| a | Lastres y Juiz, Francisco, |
| d | 1848-1918 |
| q | 1 |
| e | Donante |
| 9 | 70504 |
| 942 ## - ELEMENTOS DE ENTRADA SECUNDARIOS (KOHA) | |
| Fuente del sistema de clasificación o colocación | Clasificación decimal universal |
| Tipo de ítem Koha | Folleto |
| Estatus retirado | Estado de pérdida | Fuente del sistema de clasificación o colocación | Estado de daño | No para préstamo | Colección | Biblioteca de origen | Biblioteca actual | Ubicación en estantería | Fecha de adquisición | Fuente de adquisición | Total de préstamos | Signatura topográfica completa | Código de barras | Visto por última vez | Precio de reemplazo | Tipo de ítem Koha |
|---|---|---|---|---|---|---|---|---|---|---|---|---|---|---|---|---|
| Clasificación decimal universal | Colección de folletos | Biblioteca del Ateneo de Madrid | Biblioteca del Ateneo de Madrid | Sala Valle Inclán | 17/01/2008 | Donación | D-68(1) | 901172650 | 23/02/2023 | 23/02/2023 | Folleto |
